| 000 | 01200nam a2200241Ia 4500 | ||
|---|---|---|---|
| 999 |
_c38430 _d38430 |
||
| 001 | 4441 | ||
| 003 | GE_BSU | ||
| 005 | 20190514205336.0 | ||
| 008 | 181216s2008|||| |||||||||||||| ||geo|| | ||
| 020 | _a9789941122842 | ||
| 040 | _cGE_BSU | ||
| 041 | _ageo | ||
| 080 | _a624(072) ბ–33 | ||
| 100 |
_aბაღათურია, ფრიდონ _91163 |
||
| 245 |
_aფოლადის კონსტრუქციების გამოკვლევა და გაძლიერება : მეთოდური სახელმძღვანელო. / _cფრიდონ ბაღათურია ; ირაკლი ბაჟუნაიშვილი. |
||
| 264 |
_aთბილისი : _bუნივერსალი, _c2008. |
||
| 300 |
_a62 გვ . ; _bილ; ნახაზი-18; ცხრ.12; მაგალ.7; _c20 სმ. |
||
| 504 | _aბიბლიოგრ.: გვ.81 | ||
| 541 | _h3 ლ. | ||
| 653 | _aფოლადის კონსტრუქციების გამოკვლევა და გაძლიერება. | ||
| 700 |
_aბაჟუნაიშვილი, ირაკლი _91165 |
||
| 942 |
_cBK _2udc |
||